000 00864nam a22002417a 4500
999 _c14373
_d14373
003 AR-CdUCM
008 190423b ||||| |||| 00| 0 spa d
040 _aMUNICIPALIDAD PROVINCIAL DEL CUSCO
_cBIBLIOTECA MUNICIPAL DEL CUSCO
082 _22ed.
_a784.61 /
_bC26 / 1978
100 _aCartaña, Luis
_925443
245 _aCanciones olvidadas :
_b(Chansons Oubliées) /
260 _aMayaguez :
_bVélez,
_c1978.
300 _a24 páginas ;
_c21 cm.
440 _aColección de jardín de espejos
_933123
500 _aDedicatoria a Luis Nieto.
505 _aContenido : La mañana -- (Primera pequeña cantada de Caguabo) -- (Segunda pequeña cantada de Caguabo) ...
650 _aCanciones
_914568
650 _aOlvidadas
_933124
650 _aSiglo XX
_98
700 _aMattos Cintrón, Nemir
_933125
942 _2ddc
_cLIBROS
945 _arah
_d23/047/2019